[Event "5th Costa Catalana"]
[Site "Malgrat del Mar ESP"]
[Date "1977.10.09"]
[Round "1"]
[White "Martin Gonzalez, Angel"]
[Black "Pinter, Jozsef"]
[Result "0-1"]
[WhiteElo "2340"]
[BlackElo "2445"]
[EventDate "1977.10.09"]
[PlyCount "80"]

1.e4 e5 2.Nf3 Nc6 3.Bb5 a6 4.Ba4 Nf6 5.O-O Be7 6.Re1 b5 7.Bb3 O-O 8.d4 d6 
9.c3 Bg4 10.d5 Na5 11.Bc2 c6 12.h3 Bxf3 13.Qxf3 cxd5 14.exd5 Rc8 15.b3 Qc7
16.a4 b4 17.c4 Nb7 18.Nd2 Nc5 19.Nf1 Ne8 20.g4 Bf6 21.Rb1 g6 22.Ng3 Qd8 
23.Bh6 Bg7 24.Be3 Nf6 25.Kg2 Nfd7 26.Rh1 Qh4 27.Rbg1 Bh6 28.Kf1 Bxe3 29.
Qxe3 Kh8 30.Ke2 Rce8 31.Kd1 f5 32.gxf5 gxf5 33.Qe2 e4 34.Nh5 Ne5 35.Rg2 
Nf3 36.Ng3 Qf6 37.Qe3 f4 38.Nxe4 Qa1+ 39.Qc1 Qxc1+ 40.Kxc1 Nxe4 0-1

[Event "5th Costa Catalana"]
[Site "Malgrat del Mar ESP"]
[Date "1977.10.09"]
[Round "1"]
[White "Kurajica, Bojan"]
[Black "Fraguela Gil, Jose Miguel"]
[Result "1-0"]
[WhiteElo "2530"]
[BlackElo "2310"]
[EventDate "1977.10.09"]
[PlyCount "67"]

1.e4 Nf6 2.e5 Nd5 3.d4 d6 4.c4 Nb6 5.exd6 exd6 6.Be2 Be7 7.Nf3 O-O 8.Nc3 
Bf5 9.O-O Bf6 10.h3 c6 11.Bf4 Na6 12.g4 Be6 13.b3 Nc7 14.Qd2 Be7 15.Bd3 f5
16.g5 Bf7 17.Rfe1 Bh5 18.Nh4 g6 19.Qe3 Re8 20.Qg3 Qd7 21.d5 Bf8 22.dxc6 
Qxc6 23.Bf1 Qd7 24.c5 Nc8 25.Rxe8 Nxe8 26.Bb5 Qd8 27.Re1 Ng7 28.Nd5 Kh8 
29.Bc4 a5 30.Qc3 Na7 31.Qf6 Qxf6 32.gxf6 Ne8 33.f7 Ng7 34.Nc7 1-0

[Event "5th Costa Catalana"]
[Site "Malgrat del Mar ESP"]
[Date "1977.10.09"]
[Round "1"]
[White "Castro Rojas, Oscar Humberto"]
[Black "Ogaard, Leif"]
[Result "1-0"]
[WhiteElo "2410"]
[BlackElo "2420"]
[EventDate "1977.10.09"]
[PlyCount "81"]

1.e4 c5 2.c3 d5 3.exd5 Qxd5 4.d4 Nc6 5.dxc5 Qxd1+ 6.Kxd1 Bf5 7.Bb5 O-O-O+ 
8.Ke1 e5 9.b4 Be7 10.Ne2 Nf6 11.Na3 Nd5 12.Nc4 a6 13.Ba4 Bd3 14.Nb6+ Nxb6 
15.cxb6 Nxb4 16.cxb4 Bxb4+ 17.Kf1 Bc3 18.Rb1 Bxb1 19.Nxc3 Bd3+ 20.Ke1 Bc4 
21.Bc2 Kb8 22.Be3 Be6 23.Bb1 Rc8 24.Ne2 Rc4 25.f3 Rb4 26.Kf2 Rb2 27.Rd1 
Bc4 28.Bd3 Rd8 29.Bxc4 Rxd1 30.Bxf7 Rd3 31.g4 Rc3 32.Bb3 a5 33.f4 Rcxb3 
34.axb3 Rxb3 35.fxe5 a4 36.e6 Kc8 37.Ng3 a3 38.Nf5 Rd3 39.Bc5 Rd2+ 40.Kf3 
Rd3+ 41.Ke4 1-0

[Event "5th Costa Catalana"]
[Site "Malgrat del Mar ESP"]
[Date "1977.10.09"]
[Round "1"]
[White "Romanishin, Oleg"]
[Black "Rodriguez Vargas, Orestes"]
[Result "1-0"]
[WhiteElo "2595"]
[BlackElo "2450"]
[EventDate "1977.10.09"]
[PlyCount "123"]

1.Nf3 Nf6 2.c4 e6 3.g3 d5 4.Bg2 dxc4 5.Qa4+ Nbd7 6.Qxc4 c5 7.Qb3 Rb8 8.d3 
Bd6 9.O-O b6 10.Nc3 a6 11.Ng5 Bc7 12.Be3 h6 13.Nge4 O-O 14.Rad1 Ng4 15.Bc1
Qe7 16.h3 Nge5 17.Nd2 Bb7 18.Bxb7 Rxb7 19.Qa4 b5 20.Qe4 Rb6 21.Nb3 Nf6 22.
Qg2 c4 23.dxc4 Nxc4 24.Nd4 Be5 25.b3 Qc5 26.e3 Nd6 27.Bb2 Bxd4 28.Rxd4 Nf5
29.Rdd1 Qc6 30.e4 Ne7 31.Rfe1 Rc8 32.Qf3 Rbb8 33.Qd3 Qc7 34.Rc1 Qd7 35.Qe3
Qb7 36.Rcd1 Rd8 37.Rd4 Nc6 38.Rxd8+ Rxd8 39.Ne2 Ne8 40.Nf4 Qa7 41.Qxa7 
Nxa7 42.Rc1 Rc8 43.Rxc8 Nxc8 44.Nd3 a5 45.f3 Na7 46.Kf2 f6 47.Ke3 Nc6 48.
Nc5 Kf7 49.a4 b4 50.Nb7 e5 51.Kd3 Ke6 52.Kc4 Kd7 53.Nc5+ Kd6 54.Bc1 Nc7 
55.Nb7+ Kd7 56.Be3 Kc8 57.Nc5 Kd8 58.f4 g5 59.f5 h5 60.Nd3 Kd7 61.Kc5 Ne8 
62.Kb6 1-0

[Event "5th Costa Catalana"]
[Site "Malgrat del Mar ESP"]
[Date "1977.10.10"]
[Round "2"]
[White "Ogaard, Leif"]
[Black "Romanishin, Oleg"]
[Result "1/2-1/2"]
[WhiteElo "2420"]
[BlackElo "2595"]
[EventDate "1977.10.09"]
[PlyCount "157"]

1.Nf3 Nf6 2.c4 e6 3.Nc3 Bb4 4.Qb3 c5 5.a3 Ba5 6.g3 Nc6 7.Bg2 O-O 8.O-O d6 
9.d3 Rb8 10.Rd1 e5 11.Bg5 Bxc3 12.Qxc3 h6 13.Bxf6 Qxf6 14.b4 Bg4 15.Re1 
Rfc8 16.bxc5 dxc5 17.Rab1 b6 18.Rb2 Re8 19.Nd2 Nd4 20.Qc1 Rbd8 21.Ne4 Qg6 
22.h3 Bd7 23.Nc3 Bc6 24.Nd5 Qd6 25.e3 Ne6 26.Rd2 Nc7 27.Nc3 Bxg2 28.Kxg2 
e4 29.d4 Qc6 30.d5 Qf6 31.Kh2 Re5 32.Qb1 Qe7 33.Red1 Ne8 34.Nb5 Qd7 35.Kg2
a6 36.Nc3 Nd6 37.Qb3 b5 38.cxb5 axb5 39.Rb1 Rb8 40.Rdb2 Rh5 41.h4 Re5 42.
Qd1 Ra8 43.Nxb5 Nc4 44.Ra2 Rxd5 45.Qc2 Nd2 46.Rd1 Rd8 47.Nc3 Rd3 48.Nb1 
Nf3 49.Rh1 Qg4 50.Nc3 Ne5 51.Rc1 R8d6 52.a4 Nf3 53.Rh1 Nd2 54.Re1 Qf3+ 55.
Kg1 Rg6 56.Qxd2 Rxd2 57.Rxd2 Qf6 58.Nxe4 Qxh4 59.Nxc5 Rg5 60.e4 Qh3 61.Rd5
Rh5 62.Rxh5 Qxh5 63.e5 Qf3 64.e6 Qc3 65.Re3 Qc1+ 66.Kg2 fxe6 67.Nxe6 Qc6+ 
68.Kg1 Qxa4 69.Nf4 Kf7 70.Ne2 Kf6 71.Kg2 Qc6+ 72.Kh2 Qd5 73.Ng1 Kf5 74.Ne2
g5 75.Ng1 h5 76.Ne2 h4 77.gxh4 gxh4 78.Ng1 Kg4 79.Nh3 1/2-1/2

[Event "5th Costa Catalana"]
[Site "Malgrat del Mar ESP"]
[Date "1977.10.10"]
[Round "2"]
[White "Fraguela Gil, Jose Miguel"]
[Black "Castro Rojas, Oscar Humberto"]
[Result "0-1"]
[WhiteElo "2310"]
[BlackElo "2410"]
[EventDate "1977.10.09"]
[PlyCount "76"]

1.c4 Nf6 2.Nc3 d5 3.cxd5 Nxd5 4.g3 e5 5.Bg2 Be6 6.Nf3 Nc6 7.d3 Be7 8.O-O 
f5 9.Bd2 O-O 10.Qa4 Kh8 11.Rfc1 g5 12.Nxd5 Bxd5 13.Nxg5 Bxg2 14.Qh4 Bxg5 
15.Bxg5 Qd6 16.Kxg2 f4 17.Qh6 Qxh6 18.Bxh6 Rg8 19.Rc4 Rg6 20.Bxf4 exf4 21.
Rxf4 Kg7 22.Rc1 Rd8 23.Rc5 Rd7 24.Re4 Nd8 25.Rce5 Rc6 26.b4 Nf7 27.Ra5 a6 
28.Rh5 Rc2 29.a4 h6 30.h4 Ra2 31.a5 Rb2 32.Kf3 Nd8 33.Rg4+ Kh7 34.Re5 Nc6 
35.Ree4 Rf7+ 36.Ke3 Ne7 37.f3 Nd5+ 38.Kf2 Nf6 0-1

[Event "5th Costa Catalana"]
[Site "Malgrat del Mar ESP"]
[Date "1977.10.10"]
[Round "2"]
[White "Marovic, Drazen"]
[Black "Kurajica, Bojan"]
[Result "1/2-1/2"]
[WhiteElo "2475"]
[BlackElo "2530"]
[EventDate "1977.10.09"]
[PlyCount "41"]

1.d4 d5 2.c4 e6 3.Nc3 Nf6 4.Bg5 Be7 5.e3 O-O 6.Rc1 h6 7.Bh4 b6 8.Nf3 Bb7 
9.Bd3 Nbd7 10.O-O c5 11.Qe2 Rc8 12.cxd5 Nxd5 13.Bxe7 Qxe7 14.Nxd5 Bxd5 15.
Ba6 Rc7 16.e4 Ba8 17.Rfd1 Nf6 18.Bd3 Rd8 19.dxc5 Rxc5 20.Bb1 Rxd1+ 21.Rxd1
1/2-1/2

[Event "5th Costa Catalana"]
[Site "Malgrat del Mar ESP"]
[Date "1977.10.10"]
[Round "2"]
[White "Pinter, Jozsef"]
[Black "Rodriguez Vargas, Orestes"]
[Result "1/2-1/2"]
[WhiteElo "2445"]
[BlackElo "2450"]
[EventDate "1977.10.09"]
[PlyCount "35"]

1.e4 e5 2.Nf3 Nc6 3.Bb5 f5 4.d3 fxe4 5.dxe4 Nf6 6.O-O d6 7.Qd3 Bg4 8.Nc3 
Qd7 9.Bg5 Be7 10.Nd5 O-O 11.Bxf6 Bxf6 12.c3 Kh8 13.b4 Bd8 14.Nd2 Bg5 15.a4
a6 16.Bc4 Nd8 17.Ne3 Bh5 18.Nb3 1/2-1/2

[Event "5th Costa Catalana"]
[Site "Malgrat del Mar ESP"]
[Date "1977.10.11"]
[Round "3"]
[White "Kurajica, Bojan"]
[Black "Martin Gonzalez, Angel"]
[Result "1-0"]
[WhiteElo "2530"]
[BlackElo "2340"]
[EventDate "1977.10.09"]
[PlyCount "49"]

1.e4 c5 2.Nf3 d6 3.Nc3 Nc6 4.d4 cxd4 5.Nxd4 g6 6.Nb3 Bg7 7.Be2 Nf6 8.g4 
Be6 9.f4 Rc8 10.f5 Bxb3 11.axb3 O-O 12.g5 Nd7 13.Be3 Nc5 14.Bf3 Ne5 15.Bg2
Qd7 16.O-O f6 17.gxf6 Rxf6 18.Rxa7 gxf5 19.Nd5 Rg6 20.exf5 Rxg2+ 21.Kxg2 
e6 22.Bxc5 dxc5 23.Nf6+ Bxf6 24.Qxd7 Nxd7 25.fxe6 1-0

[Event "5th Costa Catalana"]
[Site "Malgrat del Mar ESP"]
[Date "1977.10.11"]
[Round "3"]
[White "Castro Rojas, Oscar Humberto"]
[Black "Marovic, Drazen"]
[Result "1-0"]
[WhiteElo "2410"]
[BlackElo "2475"]
[EventDate "1977.10.09"]
[PlyCount "87"]

1.e4 e6 2.d4 d5 3.e5 c5 4.c3 Qb6 5.Nf3 Bd7 6.Be2 Bb5 7.dxc5 Qxc5 8.O-O 
Bxe2 9.Qxe2 Qc7 10.Bf4 Nc6 11.Nbd2 Nge7 12.Rac1 Ng6 13.Bg3 h5 14.h4 Rd8 
15.c4 Nge7 16.b4 Nf5 17.b5 Qb6 18.Kh2 Ncd4 19.Nxd4 Nxd4 20.Qd3 Be7 21.cxd5
exd5 22.f4 Nxb5 23.f5 a6 24.f6 gxf6 25.exf6 Bd6 26.a4 Rg8 27.Bxd6 Qxd6+ 
28.Kh1 Nc7 29.Rxc7 Qxc7 30.Re1+ Kf8 31.Qe3 Rg4 32.Qe7+ Qxe7 33.fxe7+ Ke8 
34.exd8=Q+ Kxd8 35.Nf3 Rxa4 36.Re5 Ra1+ 37.Kh2 Rd1 38.Rxh5 b5 39.Rh6 a5 
40.Ra6 a4 41.h5 Ke7 42.h6 Rc1 43.Nd4 Rc4 44.Nf5+ 1-0

[Event "5th Costa Catalana"]
[Site "Malgrat del Mar ESP"]
[Date "1977.10.11"]
[Round "3"]
[White "Romanishin, Oleg"]
[Black "Fraguela Gil, Jose Miguel"]
[Result "1-0"]
[WhiteElo "2595"]
[BlackElo "2310"]
[EventDate "1977.10.09"]
[PlyCount "65"]

1.Nf3 g6 2.c4 Bg7 3.d4 c5 4.e4 d6 5.Nc3 Nf6 6.Be2 Na6 7.d5 O-O 8.O-O e6 9.
dxe6 Bxe6 10.Bf4 Qb6 11.Qd2 Rad8 12.Rad1 Nb4 13.b3 Nc6 14.Nd5 Bxd5 15.exd5
Ne4 16.Qc2 Nb4 17.Qxe4 Rfe8 18.Qb1 Rxe2 19.Rd2 Rde8 20.Rxe2 Rxe2 21.a3 Na6
22.Qd3 Re8 23.Ng5 Qd8 24.Ne4 Be5 25.Bxe5 Rxe5 26.f4 Re8 27.f5 Re5 28.fxg6 
hxg6 29.Nf6+ Kf8 30.Qh3 Ke7 31.Qh4 g5 32.Qh7 Kf8 33.Ng4 1-0

[Event "5th Costa Catalana"]
[Site "Malgrat del Mar ESP"]
[Date "1977.10.11"]
[Round "3"]
[White "Rodriguez Vargas, Orestes"]
[Black "Ogaard, Leif"]
[Result "1-0"]
[WhiteElo "2450"]
[BlackElo "2420"]
[EventDate "1977.10.09"]
[PlyCount "83"]

1.d4 Nf6 2.Nc3 d5 3.Bg5 Bf5 4.Bxf6 gxf6 5.e3 c6 6.Bd3 Bg6 7.f4 Bxd3 8.Qxd3
e6 9.Nf3 Nd7 10.O-O-O Qa5 11.Kb1 O-O-O 12.g4 Be7 13.e4 dxe4 14.Nxe4 Qc7 
15.f5 Qf4 16.fxe6 fxe6 17.h3 f5 18.gxf5 exf5 19.Ned2 Bf6 20.Rhf1 Kb8 21.c3
c5 22.Qc2 cxd4 23.Nxd4 Qe3 24.Nc4 Qxh3 25.Ne6 Nb6 26.Rh1 Qf3 27.Rdf1 Qg3 
28.Nxb6 axb6 29.Nxd8 Bxd8 30.Qxf5 h5 31.Rh3 Qd6 32.Rd3 Qh2 33.Qd7 Bc7 34.
Rdf3 Rd8 35.Rf8 Qh4 36.a3 Qg5 37.Rxd8+ Qxd8 38.Qxd8+ Bxd8 39.Rf7 h4 40.Rh7
Kc8 41.Kc2 Kb8 42.Kd3 1-0

[Event "5th Costa Catalana"]
[Site "Malgrat del Mar ESP"]
[Date "1977.10.13"]
[Round "4"]
[White "Martin Gonzalez, Angel"]
[Black "Castro Rojas, Oscar Humberto"]
[Result "0-1"]
[WhiteElo "2340"]
[BlackElo "2410"]
[EventDate "1977.10.09"]
[PlyCount "42"]

1.e4 e5 2.Nf3 d6 3.d4 exd4 4.Nxd4 g6 5.Nc3 Bg7 6.Bf4 Nc6 7.Nxc6 bxc6 8.Qd2
Be6 9.O-O-O Qb8 10.Qe3 Qb7 11.e5 Rb8 12.b3 Qb4 13.Rd4 Qc5 14.Kb1 Ne7 15.
Na4 Qa5 16.exd6 cxd6 17.Qd2 Qf5 18.Rxd6 O-O 19.Rxe6 Qxe6 20.Bxb8 Rxb8 21.
Bc4 Qxc4 0-1

[Event "5th Costa Catalana"]
[Site "Malgrat del Mar ESP"]
[Date "1977.10.13"]
[Round "4"]
[White "Fraguela Gil, Jose Miguel"]
[Black "Rodriguez Vargas, Orestes"]
[Result "1/2-1/2"]
[WhiteElo "2310"]
[BlackElo "2450"]
[EventDate "1977.10.09"]
[PlyCount "35"]

1.Nf3 d5 2.c4 e6 3.d4 Nf6 4.Nc3 Be7 5.Bg5 O-O 6.e3 b6 7.Rc1 Bb7 8.Be2 Nbd7
9.O-O c6 10.Qa4 a6 11.Rfd1 Re8 12.Qc2 b5 13.b3 Rc8 14.e4 b4 15.e5 bxc3 16.
exf6 Nxf6 17.c5 Qc7 18.Bd3 1/2-1/2

[Event "5th Costa Catalana"]
[Site "Malgrat del Mar ESP"]
[Date "1977.10.13"]
[Round "4"]
[White "Marovic, Drazen"]
[Black "Romanishin, Oleg"]
[Result "1/2-1/2"]
[WhiteElo "2475"]
[BlackElo "2595"]
[EventDate "1977.10.09"]
[PlyCount "46"]

1.d4 Nf6 2.c4 e6 3.Nc3 Bb4 4.Qc2 b6 5.e4 Bb7 6.Bd3 c5 7.d5 exd5 8.exd5 b5 
9.b3 O-O 10.Ne2 bxc4 11.bxc4 d6 12.O-O Nbd7 13.f4 Re8 14.Ng3 Nf8 15.Nce4 
Bc8 16.Nxf6+ Qxf6 17.Bb2 Qe7 18.Be4 Bd7 19.Rf2 f6 20.Raf1 Qd8 21.Re2 Re7 
22.h3 Qe8 23.Rf3 Rb8 1/2-1/2

[Event "5th Costa Catalana"]
[Site "Malgrat del Mar ESP"]
[Date "1977.10.13"]
[Round "4"]
[White "Pinter, Jozsef"]
[Black "Ogaard, Leif"]
[Result "1/2-1/2"]
[WhiteElo "2445"]
[BlackElo "2420"]
[EventDate "1977.10.09"]
[PlyCount "26"]

1.Nf3 Nf6 2.g3 g6 3.Bg2 Bg7 4.O-O O-O 5.d4 d5 6.c4 c6 7.Nbd2 Bf5 8.b3 Ne4 
9.Bb2 Qa5 10.Nxe4 Bxe4 11.Qd2 Qxd2 12.Nxd2 Bxg2 13.Kxg2 Nd7 1/2-1/2

[Event "5th Costa Catalana"]
[Site "Malgrat del Mar ESP"]
[Date "1977.10.14"]
[Round "5"]
[White "Kurajica, Bojan"]
[Black "Pinter, Jozsef"]
[Result "1/2-1/2"]
[WhiteElo "2530"]
[BlackElo "2445"]
[EventDate "1977.10.09"]
[PlyCount "36"]

1.e4 e5 2.Nf3 Nc6 3.Bb5 a6 4.Ba4 Nf6 5.O-O Be7 6.Re1 b5 7.Bb3 O-O 8.a4 Bb7
9.d3 d6 10.Nc3 Na5 11.Ba2 b4 12.Ne2 c5 13.Bd2 Bc8 14.c3 bxc3 15.bxc3 c4 
16.Bg5 Be6 17.Ng3 h6 18.Bxf6 Bxf6 1/2-1/2

[Event "5th Costa Catalana"]
[Site "Malgrat del Mar ESP"]
[Date "1977.10.14"]
[Round "5"]
[White "Romanishin, Oleg"]
[Black "Martin Gonzalez, Angel"]
[Result "1-0"]
[WhiteElo "2595"]
[BlackElo "2340"]
[EventDate "1977.10.09"]
[PlyCount "69"]

1.e4 c5 2.Nc3 Nc6 3.g3 g6 4.Bg2 Bg7 5.Nge2 e5 6.d3 Nge7 7.h4 h5 8.Bg5 f6 
9.Bd2 d6 10.a3 Bg4 11.Qb1 Qd7 12.Qa2 Nd4 13.Nxd4 cxd4 14.Nd5 Nxd5 15.exd5 
O-O-O 16.c3 Kb8 17.Qb3 Qe8 18.a4 a6 19.a5 Rd7 20.Ra4 f5 21.O-O f4 22.gxf4 
Qd8 23.fxe5 Qxh4 24.e6 Bh3 25.Qd1 Bxg2 26.Kxg2 Rc7 27.Qf3 Rf8 28.Qg3 Qe7 
29.Bg5 Qe8 30.Rc4 Be5 31.f4 dxc3 32.Rxc7 cxb2 33.Rd7 Qc8 34.e7 Qc2+ 35.Qf2
1-0

[Event "5th Costa Catalana"]
[Site "Malgrat del Mar ESP"]
[Date "1977.10.14"]
[Round "5"]
[White "Rodriguez Vargas, Orestes"]
[Black "Marovic, Drazen"]
[Result "1/2-1/2"]
[WhiteElo "2450"]
[BlackElo "2475"]
[EventDate "1977.10.09"]
[PlyCount "22"]

1.d4 d5 2.c4 c6 3.Nc3 Nf6 4.Nf3 dxc4 5.a4 Bf5 6.e3 e6 7.Bxc4 Nbd7 8.O-O 
Bb4 9.Qe2 Bg6 10.Rd1 O-O 11.Ne5 Qa5 1/2-1/2

[Event "5th Costa Catalana"]
[Site "Malgrat del Mar ESP"]
[Date "1977.10.14"]
[Round "5"]
[White "Ogaard, Leif"]
[Black "Fraguela Gil, Jose Miguel"]
[Result "1/2-1/2"]
[WhiteElo "2420"]
[BlackElo "2310"]
[EventDate "1977.10.09"]
[PlyCount "40"]

1.c4 Nf6 2.Nc3 c5 3.Nf3 e6 4.g3 b6 5.Bg2 Bb7 6.O-O Be7 7.d4 cxd4 8.Qxd4 d6
9.Rd1 a6 10.b3 Nbd7 11.Bb2 O-O 12.Ng5 Bxg2 13.Kxg2 Rc8 14.Nce4 Rc6 15.Qd3 
h6 16.Bxf6 Bxf6 17.Nh7 Bxa1 18.Nxf8 Qxf8 19.Rxa1 Nc5 20.Qf3 Nxe4 1/2-1/2

[Event "5th Costa Catalana"]
[Site "Malgrat del Mar ESP"]
[Date "1977.10.15"]
[Round "6"]
[White "Martin Gonzalez, Angel"]
[Black "Rodriguez Vargas, Orestes"]
[Result "1/2-1/2"]
[WhiteElo "2340"]
[BlackElo "2450"]
[EventDate "1977.10.09"]
[PlyCount "34"]

1.Nf3 Nf6 2.g3 b6 3.Bg2 Bb7 4.c4 e6 5.O-O c5 6.Nc3 Be7 7.d4 cxd4 8.Qxd4 d6
9.Rd1 a6 10.b3 Nbd7 11.Bb2 O-O 12.Qe3 Qc7 13.Nd4 Bxg2 14.Kxg2 Rfe8 15.Rac1
Bf8 16.h3 Rac8 17.Kh2 Ne5 1/2-1/2

[Event "5th Costa Catalana"]
[Site "Malgrat del Mar ESP"]
[Date "1977.10.15"]
[Round "6"]
[White "Kurajica, Bojan"]
[Black "Castro Rojas, Oscar Humberto"]
[Result "1-0"]
[WhiteElo "2530"]
[BlackElo "2410"]
[EventDate "1977.10.09"]
[PlyCount "84"]

1.e4 Nc6 2.Nf3 e5 3.Bb5 a6 4.Ba4 Nf6 5.O-O Be7 6.d4 exd4 7.Re1 b5 8.Bb3 d6
9.Bd5 Bd7 10.Nxd4 Nxd5 11.Nxc6 Bxc6 12.exd5 Bb7 13.a4 O-O 14.axb5 axb5 15.
Rxa8 Bxa8 16.Qe2 Bg5 17.Qxb5 Bxc1 18.Rxc1 Qg5 19.Rd1 c6 20.Qd3 cxd5 21.Nd2
d4 22.Ne4 Qg6 23.f3 Rc8 24.Qa6 Rb8 25.Qxd6 Qxd6 26.Nxd6 Rxb2 27.Nf5 g6 28.
Nxd4 Bd5 29.Kf2 Kg7 30.Ke3 Kf6 31.Ra1 Bc4 32.h4 h6 33.Ra5 Rb1 34.Rc5 Ba2 
35.Ra5 Bc4 36.Ra4 Bf1 37.g4 Bh3 38.Ra6+ Ke7 39.Ne2 Rb7 40.Nc3 g5 41.hxg5 
hxg5 42.Ra5 Ke6 1-0

[Event "5th Costa Catalana"]
[Site "Malgrat del Mar ESP"]
[Date "1977.10.15"]
[Round "6"]
[White "Marovic, Drazen"]
[Black "Ogaard, Leif"]
[Result "1-0"]
[WhiteElo "2475"]
[BlackElo "2420"]
[EventDate "1977.10.09"]
[PlyCount "65"]

1.d4 Nf6 2.c4 g6 3.g3 c6 4.Bg2 d5 5.Nf3 Bg7 6.O-O dxc4 7.Nbd2 b5 8.e4 e5 
9.Nxe5 Qxd4 10.Nef3 Qd3 11.Re1 Bg4 12.e5 Nd5 13.Re4 Bxf3 14.Bxf3 Nc7 15.a4
O-O 16.axb5 c3 17.bxc3 Nxb5 18.Re3 Qd7 19.Qb3 Qc7 20.e6 fxe6 21.Qxe6+ Kh8 
22.Bb2 a5 23.Ra4 Qd8 24.Rh4 Ra7 25.Nc4 Bf6 26.Ne5 Bxh4 27.gxh4 Qd2 28.Re2 
Qd8 29.Nxc6 Nxc6 30.Bxc6 Qxh4 31.c4+ Nd4 32.Qe5+ Kg8 33.Bd5+ 1-0

[Event "5th Costa Catalana"]
[Site "Malgrat del Mar ESP"]
[Date "1977.10.15"]
[Round "6"]
[White "Pinter, Jozsef"]
[Black "Fraguela Gil, Jose Miguel"]
[Result "1/2-1/2"]
[WhiteElo "2445"]
[BlackElo "2310"]
[EventDate "1977.10.09"]
[PlyCount "35"]

1.d4 d5 2.Nf3 Nf6 3.c4 c6 4.Nc3 dxc4 5.e4 b5 6.e5 Nd5 7.a4 e6 8.axb5 Nxc3 
9.bxc3 cxb5 10.Ng5 Bb7 11.Qg4 Bd5 12.Ne4 h5 13.Qf4 Nc6 14.Be2 a5 15.O-O b4
16.Ng5 f6 17.exf6 Qxf6 18.Qc7 1/2-1/2

[Event "5th Costa Catalana"]
[Site "Malgrat del Mar ESP"]
[Date "1977.10.16"]
[Round "7"]
[White "Castro Rojas, Oscar Humberto"]
[Black "Pinter, Jozsef"]
[Result "1/2-1/2"]
[WhiteElo "2410"]
[BlackElo "2445"]
[EventDate "1977.10.09"]
[PlyCount "119"]

1.e4 e5 2.Nc3 Nf6 3.Nf3 Nc6 4.Bb5 Nd4 5.Nxe5 Nxb5 6.Nxb5 c6 7.Nc3 Qe7 8.d4
d6 9.Nd3 Nxe4 10.O-O Nxc3 11.bxc3 Be6 12.Nf4 d5 13.Re1 O-O-O 14.Nxe6 fxe6 
15.Qe2 Re8 16.Bf4 Qf6 17.Bg3 Be7 18.Qxe6+ Qxe6 19.Rxe6 Ba3 20.Rae1 Kd7 21.
R6e3 Rxe3 22.Rxe3 Bc1 23.Rf3 Re8 24.Be5 g6 25.Kf1 Re7 26.Ke2 Ba3 27.Rh3 b5
28.f4 Bc1 29.Rf3 Rf7 30.g4 Ke6 31.Kd1 Bb2 32.h4 Ba3 33.Rh3 h5 34.gxh5 gxh5
35.Rg3 Be7 36.Rg6+ Kd7 37.Rh6 Rf5 38.Ke2 a5 39.Kf3 a4 40.Kg3 Bf8 41.Rh8 
Be7 42.Rh6 Bf8 43.Rg6 Ba3 44.Rg8 Bf8 45.Rg5 Ke6 46.Rg6+ Kd7 47.Rg8 Ke6 48.
Bg7 Ba3 49.Bh6 Bb2 50.Re8+ Kd7 51.Re3 Bc1 52.Rf3 Bb2 53.Bg5 Bc1 54.Kf2 Ba3
55.Ke3 Bf8 56.Rf1 Bg7 57.Kf3 Bf8 58.Rf2 Rf7 59.c4 dxc4 60.Rf1 1/2-1/2

[Event "5th Costa Catalana"]
[Site "Malgrat del Mar ESP"]
[Date "1977.10.16"]
[Round "7"]
[White "Romanishin, Oleg"]
[Black "Kurajica, Bojan"]
[Result "1/2-1/2"]
[WhiteElo "2595"]
[BlackElo "2530"]
[EventDate "1977.10.09"]
[PlyCount "146"]

1.c4 e6 2.g3 d5 3.Bg2 c6 4.Nf3 b5 5.b3 Ba6 6.cxd5 cxd5 7.Bb2 Nf6 8.O-O Be7
9.d3 O-O 10.Nbd2 Nc6 11.a3 b4 12.axb4 Nxb4 13.Ne5 Qb6 14.Ndf3 Rac8 15.Bd4 
Qb7 16.Rc1 Rxc1 17.Qxc1 Ne8 18.Bc5 Bxc5 19.Qxc5 Nf6 20.Ra1 Rb8 21.Ra4 Qb6 
22.Qxb6 Rxb6 23.Ng5 Nc6 24.Ngxf7 Bb5 25.Ra1 a6 26.Nxc6 Kxf7 27.Nd4 e5 28.
Nxb5 Rxb5 29.Rxa6 Rxb3 30.f3 e4 31.fxe4 dxe4 32.dxe4 Re3 33.Bf3 Nxe4 34.
Ra7+ Kf6 35.Ra6+ Kf7 36.Ra7+ Kf6 37.Ra4 Ng5 38.Kf2 Re5 39.Bg2 Nf7 40.Ra6+ 
Ke7 41.Rb6 Nd6 42.Rb4 Ra5 43.Bc6 Rc5 44.Bf3 h6 45.Ra4 Nc4 46.Be4 Kf6 47.
Ra6+ Ke5 48.Bd3 Nd6 49.Ra7 Kf6 50.Kf3 Rc6 51.Ke3 Nf7 52.Kd4 Nd6 53.Kd5 Rb6
54.Ra4 Nf7 55.Kc5 Rb8 56.Ra6+ Ke5 57.Kc6 Rd8 58.Kc7 Rd4 59.Ra5+ Kf6 60.Kb6
Ng5 61.Rf5+ Ke7 62.Kb5 Rd8 63.Bc4 Rb8+ 64.Ka4 Kd6 65.Rd5+ Kc6 66.Ra5 Rb1 
67.Rf5 Kd6 68.Rd5+ Kc6 69.Re5 Kd6 70.Re8 Kc5 71.Bd3 Rb7 72.Bg6 Rb4+ 73.Ka3
Rb6 1/2-1/2

[Event "5th Costa Catalana"]
[Site "Malgrat del Mar ESP"]
[Date "1977.10.16"]
[Round "7"]
[White "Ogaard, Leif"]
[Black "Martin Gonzalez, Angel"]
[Result "1-0"]
[WhiteElo "2420"]
[BlackElo "2340"]
[EventDate "1977.10.09"]
[PlyCount "87"]

1.d4 Nf6 2.c4 g6 3.Nc3 Bg7 4.e4 d6 5.Nf3 O-O 6.Be2 e5 7.O-O Nc6 8.d5 Ne7 
9.Nd2 c5 10.Rb1 b6 11.b4 Ne8 12.bxc5 bxc5 13.Nb3 f5 14.f3 f4 15.Bd2 g5 16.
Nb5 Rf6 17.Ba5 Qd7 18.Nd2 Ng6 19.Nc3 Qe7 20.Qa4 Rf7 21.Rb2 Nf6 22.Rfb1 Bd7
23.Qd1 h5 24.Rb8+ Rf8 25.Rxa8 Rxa8 26.Qb3 Nh4 27.Qb7 Rf8 28.Bf1 g4 29.Qxa7
Qe8 30.Rb7 gxf3 31.Nxf3 Nxf3+ 32.gxf3 Qg6+ 33.Kh1 Rf7 34.Bd8 Ng4 35.Bh4 
Ne3 36.Rxd7 Rxd7 37.Qxd7 Nxf1 38.Qe6+ Kh7 39.Qxg6+ Kxg6 40.a4 Nd2 41.a5 
Bf6 42.Bxf6 Kxf6 43.a6 Nxc4 44.Na4 1-0

[Event "5th Costa Catalana"]
[Site "Malgrat del Mar ESP"]
[Date "1977.10.16"]
[Round "7"]
[White "Fraguela Gil, Jose Miguel"]
[Black "Marovic, Drazen"]
[Result "0-1"]
[WhiteElo "2310"]
[BlackElo "2475"]
[EventDate "1977.10.09"]
[PlyCount "32"]

1.Nf3 c5 2.c4 Nf6 3.Nc3 d5 4.cxd5 Nxd5 5.g3 Nc6 6.Bg2 g6 7.d3 Bg7 8.Bd2 
O-O 9.Qc1 b6 10.h4 h5 11.Ng5 f6 12.Nh3 Bb7 13.Bh6 Nd4 14.Bxg7 Kxg7 15.e3 
Nc2+ 16.Qxc2 Nb4 0-1

[Event "5th Costa Catalana"]
[Site "Malgrat del Mar ESP"]
[Date "1977.10.17"]
[Round "8"]
[White "Martin Gonzalez, Angel"]
[Black "Fraguela Gil, Jose Miguel"]
[Result "1/2-1/2"]
[WhiteElo "2340"]
[BlackElo "2310"]
[EventDate "1977.10.09"]
[PlyCount "73"]

1.e4 e6 2.d4 d5 3.Nd2 dxe4 4.Nxe4 Bd7 5.Nf3 Bc6 6.Bd3 Nd7 7.Qe2 Be7 8.O-O 
Ngf6 9.Ng3 O-O 10.c4 Bxf3 11.Qxf3 c5 12.Be3 Qb6 13.Rfd1 cxd4 14.Bxd4 Bc5 
15.Bc3 Bb4 16.Bxb4 Qxb4 17.Qe2 Qb6 18.Rd2 Nc5 19.Bc2 Rfd8 20.Rad1 Rxd2 21.
Rxd2 Kf8 22.b3 Qb4 23.Qe1 Re8 24.h3 a5 25.Ne2 a4 26.Qd1 axb3 27.axb3 b5 
28.Rd8 Ncd7 29.Rxe8+ Kxe8 30.cxb5 Qxb5 31.Bd3 Qb4 32.Bc4 Nb6 33.Qc1 Nfd5 
34.g3 h6 35.Kg2 Kd8 36.h4 Qc5 37.Bd3 1/2-1/2

[Event "5th Costa Catalana"]
[Site "Malgrat del Mar ESP"]
[Date "1977.10.17"]
[Round "8"]
[White "Kurajica, Bojan"]
[Black "Rodriguez Vargas, Orestes"]
[Result "1-0"]
[WhiteElo "2530"]
[BlackElo "2450"]
[EventDate "1977.10.09"]
[PlyCount "49"]

1.e4 e5 2.Nf3 Nc6 3.Bb5 f5 4.Nc3 Nd4 5.exf5 Nf6 6.Nxe5 Bc5 7.O-O O-O 8.Nf3
Nxb5 9.Nxb5 c6 10.Nbd4 Ng4 11.h3 Nh6 12.g4 Qf6 13.Nb3 Bb6 14.d4 Nxf5 15.
Bg5 Qg6 16.Qd3 d6 17.Rae1 h5 18.gxf5 Bxf5 19.Qd2 Bxh3 20.Nh4 Qf7 21.Re7 
Qd5 22.Rfe1 Qc4 23.Qe2 Qd5 24.Qe3 Rf5 25.c4 1-0

[Event "5th Costa Catalana"]
[Site "Malgrat del Mar ESP"]
[Date "1977.10.17"]
[Round "8"]
[White "Castro Rojas, Oscar Humberto"]
[Black "Romanishin, Oleg"]
[Result "0-1"]
[WhiteElo "2410"]
[BlackElo "2595"]
[EventDate "1977.10.09"]
[PlyCount "55"]

1.e4 e5 2.Nc3 Nc6 3.Nf3 g6 4.d4 exd4 5.Nxd4 Bg7 6.Be3 d6 7.Be2 Nf6 8.Qd2 
O-O 9.O-O-O Re8 10.f3 Qe7 11.g4 Bxg4 12.Nxc6 bxc6 13.e5 Nd5 14.Nxd5 cxd5 
15.Bh6 Bxh6 16.Qxh6 Qxe5 17.Rhe1 Bf5 18.Bb5 Qxe1 19.Rxe1 Rxe1+ 20.Kd2 Rg1 
21.Bc6 Rb8 22.b3 Rg2+ 23.Ke3 Rxc2 24.Bxd5 Re8+ 25.Kf4 Rg2 26.Bxf7+ Kxf7 
27.Qxh7+ Ke6 28.Ke3 0-1

[Event "5th Costa Catalana"]
[Site "Malgrat del Mar ESP"]
[Date "1977.10.17"]
[Round "8"]
[White "Pinter, Jozsef"]
[Black "Marovic, Drazen"]
[Result "1/2-1/2"]
[WhiteElo "2445"]
[BlackElo "2475"]
[EventDate "1977.10.09"]
[PlyCount "28"]

1.e4 e6 2.d4 d5 3.e5 b6 4.c3 Qd7 5.Nh3 g6 6.a4 a5 7.Na3 Ba6 8.Bxa6 Nxa6 9.
O-O h5 10.Bg5 Bh6 11.Bxh6 Nxh6 12.Nc2 Nb8 13.Qe2 Nc6 14.Qb5 Ne7 1/2-1/2